Statistiken für Top 15 der betroffenen Covid-19-Länder - 26. Mai

Klicken Sie hier um das Quiz zu spielen!

Allgemein

  • Dieses Quiz wurde 14 mal gespielt
  • Das Durchschnittsergebnis liegt bei 17 aus 25

Antwortstatistiken

Land% Korrekt
China
100%
Italien
100%
Spanien
100%
Vereinigtes Königreich
100%
Vereinigte Staaten
100%
Brasilien
89%
Deutschland
89%
Frankreich
89%
Indien
89%
Russland
89%
Schweden
89%
Belgien
78%
Türkei
78%
Iran
67%
Kanada
67%
Schweiz
67%
Katar
56%
Peru
44%
Singapur
44%
Weißrussland
44%
Bahrain
33%
Chile
33%
Chile
33%
Irland
33%
Kuwait
33%

Verteilung der Resultate

Perzentil nach korrekt beantworteten Fragen

Anzahl Personen mit jedem Resultat

Ihre Resultats-Entwicklung

Sie haben dieses Quiz noch nicht gespielt